Cuadernos del sur 6/7 /

Guardado en:
Formato: Libro
Publicado: Bah¡a Blanca : Instituto de humanidades, 1967
Series:Cuadernos del sur, 6/7
Materias:
Etiquetas: Agregar Etiqueta
Sin Etiquetas, Sea el primero en etiquetar este registro!
LEADER 00476nam a22001695a 4500
001 CEM.cems006970
005 20060214000000.0
008 130507s1967##################000#0#####d
003 CEMS
082 0 4 |a 001.3 
245 0 0 |a Cuadernos del sur 6/7 / 
260 |a Bah¡a Blanca :  |b Instituto de humanidades,  |c 1967 
300 |a 255 p. 
490 0 |a Cuadernos del sur, 6/7 
653 |a Expresionismo 
653 |a Humanismo 
859 |a CEMS  |b BIB. CEMS - 11 de abril  |h 001.3  |i C891-6/7  |p 11397.82  |t Ej.1